Central Library and Information Centre
Sibsagar Girls' College, Sivasagar : Assam

LIVES OF ENGLISH POETS (VOL-1) (Record no. 623)

MARC details
000 -LEADER
fixed length control field 00440cam a2200181ua 4500
008 - FIXED-LENGTH DATA ELEMENTS--GENERAL INFORMATION
fixed length control field 161014n II |||gr||||Z||||||eng
040 ## - CATALOGING SOURCE
Original cataloging agency MAIN
041 ## - LANGUAGE CODE
-- English
082 ## - DEWEY DECIMAL CLASSIFICATION NUMBER
Classification number 809.21 JOH
100 ## - MAIN ENTRY--PERSONAL NAME
Personal name JOHNSON , SAMUEL.
245 ## - TITLE STATEMENT
Title LIVES OF ENGLISH POETS (VOL-1)
250 ## - EDITION STATEMENT
Edition statement 1st Rev.
260 ## - PUBLICATION, DISTRIBUTION, ETC.
Place of publication, distribution, etc. NEW YORK:
Name of publisher, distributor, etc. EVERYMANS LIBRARY,
Date of publication, distribution, etc. 1964.
300 ## - PHYSICAL DESCRIPTION
Extent 403:
Dimensions 18CM.
700 ## - ADDED ENTRY--PERSONAL NAME
Personal name JOHNSON , SAMUEL.,
Relator term AUTHOR.
942 ## - ADDED ENTRY ELEMENTS (KOHA)
Koha item type Books
Holdings
Withdrawn status Lost status Damaged status Not for loan Collection code Home library Current library Shelving location Date acquired Full call number Barcode Date last seen Copy number Price effective from Koha item type Public note
        REFENG Central Library and Information Centre Sibsagar Girls College Central Library and Information Centre Sibsagar Girls College ENGLISH REFERENCE RACK 19.04.1967 809.21 JOH 00692 27.02.2020 1 27.02.2020 Books V


Sibsagar Girl's College © 2020. All rights reserved.
Powered by Koha.
Maintained by Abhijit Borpuzari.